| 000 | 00662nam a22002057a 4500 | ||
|---|---|---|---|
| 005 | 20170821112047.0 | ||
| 010 | _aENG-119729 | ||
| 020 |
_a8188965731 _c395.00 |
||
| 020 |
_a9798188965730 _c395.00 |
||
| 035 | _aEN-103261 | ||
| 037 | _bDBAD/PUB | ||
| 082 | _aS | ||
| 245 |
_aSeeking palestine : _cedited by Penny Johnson [and] Raja Shehadeh _bnew palestine writing on exile & home / |
||
| 260 |
_aNew Delhi _bWomen Unlimited ( an associate of kali for women) _c2012 |
||
| 270 |
_aK-36, Hauz Khas Enclave, _bNew Delhi _e110016 |
||
| 300 |
_axvi,202p. : _c22cm(Hb) _bill. |
||
| 700 | _aJohnson, Penny | ||
| 700 | _aShehadesh, Raja | ||
| 942 |
_2ddc _cEN _hS _mSEE |
||
| 999 |
_c143585 _d143585 |
||